| 000 | 01179nam a22003614a 4500 | ||
|---|---|---|---|
| 001 | UByD003020 | ||
| 003 | AR-LpoUNG | ||
| 005 | 20240823102321.0 | ||
| 008 | 240805s2013||||ag b 001|0 spa d | ||
| 020 | _a9789871741786 | ||
| 040 |
_aAR-LpoUNG _bspa _cAR-LpoUNG _eaacr |
||
| 041 | 0 | _aspa | |
| 044 | _aag | ||
| 082 | 0 | _aR013.982 474jor | |
| 100 | 1 | _aHelft, Nicolás | |
| 245 | 1 | 0 |
_aJorge Luis Borges : _bbibliografía e índice |
| 250 | _a1ra. ed. | ||
| 260 |
_aBuenos Aires : _bBiblioteca Nacional, _c2013. |
||
| 300 | _a639 p. | ||
| 520 | _aEl libro es un repertorio bibliográfico que presenta los libros de Borges, sus contribuciones en libros de otros autores y en publicaciones periódicas. A su vez, en el Índice se indexan autores o personajes reales que ha mencionado en sus obras. | ||
| 600 | 0 | 4 | _aBORGES, JORGE LUIS |
| 650 | 4 | _aBIBLIOGRAFIAS | |
| 650 | 4 | _aINDICE | |
| 650 | 4 | _aLITERATURA | |
| 650 | 4 | _aCULTURA NACIONAL | |
| 651 | 4 | _aARGENTINA | |
| 653 | 0 | _aBIBLIOGRAFIA NACIONAL | |
| 653 | 0 | _aLITERATURA ARGENTINA | |
| 700 | 1 |
_aGonzález, Horacio _eprelim. |
|
| 700 | 1 |
_aJitrik, Noé _epról. |
|
| 905 | _a2116 | ||
| 942 |
_cLSALA _2ddc |
||
| 999 |
_c65612 _d65612 |
||